• 首页
  • 本馆介绍
  • 公告通知
  • 最新文献
  • 馆藏检索
  • 电子资源
  • 读者导购
  • 参考咨询
  • 我的图书馆
  • 登录
  • 详细信息显示
  • 放入我的书架
  • 预约/预借图书
  • 作者相关作品
  • 分类相关作品
  • 丛书相关作品
  • 出版社相关作品

书目信息

  • 表格格式
  • 工作单格式
  • 卡片格式
题名:
英语演讲艺术
    
 
作者: 刘诺亚 , 陆金燕 著
分册:  
出版信息: 武汉   华中科技大学出版社  2012.7
页数: 306页
开本: 24cm
丛书名:
单 册:
中图分类: H311.9
科图分类:
主题词: 英语--演讲--语言艺术--高等教育--教材
电子资源:
ISBN: 978-7-5609-8065-2
000 01067nam0 2200277 45
001 1355413468
005 20130513151836.42
010    @a978-7-5609-8065-2@dCNY39.80
100    @a20130108d2012 em y0chiy50 ea
101 0  @achi@aeng
102    @aCN@b420000
105    @aa z 000yy
106    @ar
200 1  @a英语演讲艺术@AYing Yu Yan Jiang Yi Shu@dThe art of English public speaking@f刘诺亚,陆金燕著@FLiu Nuo Ya, Lu Jin Yan Zhu@zeng
210    @a武汉@c华中科技大学出版社@d2012.7
215    @a306页@c照片@d24cm@e附光盘1片
300    @a普通高等教育英语“十二五”规划教材
307    @a附光盘:ISBN 978-7-89442-153-1
330    @a本书以大量的影视英语演讲视频和文字材料作为例证,贯穿全书。每章后还为课堂内外提供了“一分钟演讲”训练话题,都是近年来国内热点话题和大型演讲比赛的题目。
510 1  @aArt of English public speaking@zeng
606 0  @a英语@x演讲@x语言艺术@x高等教育@j教材
690    @aH311.9@v5
701  0 @a刘诺亚@ALiu Nuo Ya@4著
701  0 @a陆金燕@ALu Jin Yan@4著
801    @aCN@bTANGWEI@c20130111
905    @b0831138-40@dH311.9@e68@f3
    
    英语演讲艺术=The art of English public speaking/刘诺亚,陆金燕著.-武汉:华中科技大学出版社,2012.7
    306页:照片;24cm+附光盘1片
    普通高等教育英语“十二五”规划教材
    
    ISBN 978-7-5609-8065-2:CNY39.80
    本书以大量的影视英语演讲视频和文字材料作为例证,贯穿全书。每章后还为课堂内外提供了“一分钟演讲”训练话题,都是近年来国内热点话题和大型演讲比赛的题目。
●
相关链接 在E读中查询图书 在五车中查询图书 在当当中查询图书 在豆瓣中查询图书


正题名:英语演讲艺术     索取号:H311.9/68         预约/预借

序号 登录号 条形码 馆藏地/架位号 状态 备注
1 0831138   208311389   第二样本阅览室/ [索取号:H311.9/68] 在馆    
2 0831139   208311398   第四借阅区/ [索取号:H311.9/68] 在馆    
3 0831140   208311405   第四借阅区/ [索取号:H311.9/68] 在馆    
唐山师范学院图书馆 欢迎您!
大连网信软件有限公司© 版权所有